000 01186nam a22002657a 4500
005 20170124103057.0
010 _aB-005370
020 _c35.00
_a8123729340
035 _aB-005370
037 _bCen Lib/Ret
040 _aDPL
_bHN
082 _a
_bप्लेटोसु
100 _aप्लेटो
_9500
245 _aसुकरात का मुक़दमा और उनकी मृत्यु
_cप्लेटो ; अनुवाद मन्मथनाथ गुप्त
246 _aSukrat ka mukadama aur unki mrityu /
_bby Pleto ; anuvad Manmthnath Gupta
260 _aनयी दिल्ली
_bनेशनल बुक ट्रस्ट
_c1999
270 _aए-5, ग्रीन पार्क
_bनयी दिल्ली
_e110016
300 _a147पृ.
_c19सेमी (सजिल्द)
650 _a साहित्य--कथा
_942948
650 _aग्रीक-- कहानियां
_9118378
650 _a Literature--Fiction
_9118379
650 _aGreek-- stories
_975470
700 _aगुप्त, मन्मथनाथ
_9118380
942 _2ddc
_cHN
_h
_mप्लेटोसु
999 _c117564
_d117564